The Law on sexual gender based violence against men: The untold gender narrative/ (Record no. 4269)

000 -LEADER
fixed length control field 00433nam a22001457a 4500
003 - CONTROL NUMBER IDENTIFIER
control field OSt
005 - DATE AND TIME OF LATEST TRANSACTION
control field 20210615105853.0
008 - FIXED-LENGTH DATA ELEMENTS--GENERAL INFORMATION
fixed length control field 210615b xxu||||| |||| 00| 0 eng d
050 ## - LIBRARY OF CONGRESS CALL NUMBER
Classification number RUSC HQ1237.5.A354.K37 2019
100 ## - MAIN ENTRY--PERSONAL NAME
Personal name Karanja, A. Kanyoni
245 ## - TITLE STATEMENT
Title The Law on sexual gender based violence against men: The untold gender narrative/
Statement of responsibility, etc Kayoni A. Karanja
260 ## - PUBLICATION, DISTRIBUTION, ETC. (IMPRINT)
Place of publication, distribution, etc Nairobi
Date of publication, distribution, etc 2019
300 ## - PHYSICAL DESCRIPTION
Extent ix, 57 p:
942 ## - ADDED ENTRY ELEMENTS (KOHA)
Source of classification or shelving scheme
Koha item type Research Project
Holdings
Withdrawn status Lost status Source of classification or shelving scheme Damaged status Not for loan Home library Current library Shelving location Date acquired Total Checkouts Full call number Barcode Date last seen Price effective from Koha item type
          Riara University Library Riara University Library Special Collection 15/06/2021   RUSC HQ1237.5.A354.K37 2019 10487/21 15/06/2021 15/06/2021 Research Project

Riara University Library,
P.O. Box 49940-00100,
Nairobi, Kenya.